| 000 | 00539nam a2200181Ia 4500 | ||
|---|---|---|---|
| 008 | 151202s9999||||xx |||||||||||||| ||und|| | ||
| 082 | _bPNVM-51442 | ||
| 100 | _aसाठे अण्णाभाऊ. | ||
| 245 | _aवैर. | ||
| 260 | _b"नवमहाराष्ट्र प्रकाशन,पुणे." | ||
| 260 | _c50765 | ||
| 300 | _a112 | ||
| 600 | _aसाठे अण्णाभाऊ. | ||
| 630 | _aवैर. | ||
| 700 | _aसाठे अण्णाभाऊ. | ||
| 730 | _aवैर. | ||
| 942 | _cBOOK | ||
| 999 |
_c1317982 _d1317979 |
||